000 00656nam a2200241Ia 4500
005 20260121112524.0
008 6678 260114s9999 xx 000 0 eng d
020 _a9789812838452
037 _aEBOOK
040 _aCRL
_beng
_cCRL
041 _aeng
_2eng
084 _qCRL
100 _aBhimasankaram P Et Al
_9958979
245 0 _aMatrix Partial Orders, Shorted Operators and Applications
260 _bWorld Scientific
260 _bWSPC
260 _c2010
650 _aMathematics
_9958980
856 _uhttps://www.worldscientific.com/worldscibooks/10.1142/7170#t=toc
942 _cEBOOK
999 _c1543978
_d1543978